Inauguración de estudios verificada en la Escuela Normal Central de Maestras el día 19 de octubre de 1887. (Record no. 98649)

MARC details
000 -LEADER
campo de control de longitud fija 00936nam a22002295i 4500
001 - NÚMERO DE CONTROL
campo de control 98649
003 - IDENTIFICADOR DE NÚMERO DE CONTROL
campo de control ES-MaACL
005 - FECHA Y HORA DE LA ÚLTIMA TRANSACCIÓN
campo de control 20250905145402.0
007 - CAMPO FIJO DE DESCRIPCIÓN FÍSICA--INFORMACIÓN GENERAL
campo de control de longitud fija t|
008 - DATOS DE LONGITUD FIJA--INFORMACIÓN GENERAL
campo de control de longitud fija 950922s1888 sp ||||1| spa d
040 ## - FUENTE DE CATALOGACIÓN
Centro catalogador/agencia de origen CAM
Lengua de catalogación spa
Centro/agencia transcriptor CAM
110 2# - ENTRADA PRINCIPAL--NOMBRE DE ENTIDAD CORPORATIVA
Nombre de entidad corporativa o nombre de jurisdicción como elemento de entrada Escuela Normal Central de Maestras de Madrid.
9 (RLIN) 3580
245 10 - MENCIÓN DEL TÍTULO
Título Inauguración de estudios verificada en la Escuela Normal Central de Maestras el día 19 de octubre de 1887.
260 ## - PUBLICACIÓN, DISTRIBUCIÓN, ETC.
Lugar de publicación, distribución, etc. Madrid :
Nombre del editor, distribuidor, etc. [s.n.],
Fecha de publicación, distribución, etc. 1888 (
Fabricante Viuda de Hernando y Cª)
300 ## - DESCRIPCIÓN FÍSICA
Extensión 58 p. ;
Dimensiones 23 cm.
505 8# - NOTA DE CONTENIDO CON FORMATO
Nota de contenido con formato Contiene: Memoria leída por César de Eguílaz y Bengoechea; Discurso leído por Carmen Rojo y Herráiz; Discurso pronunciado por el Ministro de Fomento Carlos Navarro y Rodrigo
700 1# - ENTRADA AGREGADA--NOMBRE PERSONAL
Nombre de persona Eguílaz, César de.
9 (RLIN) 46757
700 1# - ENTRADA AGREGADA--NOMBRE PERSONAL
Nombre de persona Rojo y Herraiz, Carmen.
9 (RLIN) 99115
700 1# - ENTRADA AGREGADA--NOMBRE PERSONAL
Nombre de persona Navarro y Rodrigo, Carlos,
Fechas asociadas al nombre 1833-1903
9 (RLIN) 85192
852 ## - LOCALIZACIÓN
Ubicación ES-MaACL
Número de control de estantería Fol-Laf-427
Holdings
Estatus retirado Estado de pérdida Estado de daño No para préstamo Colección Biblioteca de origen Biblioteca actual Ubicación en estantería Fecha de adquisición Fuente de adquisición Total de préstamos Signatura topográfica completa Código de barras Visto por última vez Precio de reemplazo Tipo de ítem Koha
        Colección de folletos Biblioteca del Ateneo de Madrid Biblioteca del Ateneo de Madrid Depósito folletos 17/01/2008     Fol-Laf-427 1102986 23/02/2023 23/02/2023 Folleto